| 000 | 02831cam a22006134i 4500 | ||
|---|---|---|---|
| 003 | PE-LiUPU | ||
| 005 | 20250731165443.0 | ||
| 008 | 160127s2015 sp r 000 0 spa d | ||
| 017 |
_aB 25633-2015 _bOficina Depósito Legal Barcelona |
||
| 020 | _a8490646902 | ||
| 020 | _a9788490646908 | ||
| 035 | _a(Sirsi) i9788490646908 | ||
| 040 |
_aBNM _bspa _erda _cBNM _dPE-LiUPU |
||
| 082 | 0 | 4 |
_a005.74 _bC97 _220 |
| 100 | 1 |
_aCurto Díaz, Josep, _eautor. |
|
| 245 | 1 | 0 |
_a¿Cómo crear un data warehouse? _cJosep Curto, Jordi Conesa (coord.). |
| 250 | _aPrimera edición | ||
| 264 |
_aBarcelona : _bFUOC, _c2015 |
||
| 300 |
_a125 páginas : _bilustraciones ; _c21 centímetros |
||
| 336 |
_atext _2rdacontent |
||
| 337 |
_aunmediated _2rdamedia |
||
| 338 |
_avolume _2rdacarrier |
||
| 490 | 0 | _aH2PAC | |
| 500 | _aIncluye códigos QR para lectura de información adicional | ||
| 504 | _aBibliografía : páginas 111-112. | ||
| 505 | 0 | _aCómo usar un modelo H2PAC -- El reto -- El conocimiento imprescindible -- Las soluciones. | |
| 526 | _aSEG44 | ||
| 526 | _aSEG26 | ||
| 526 | _aP151 | ||
| 526 | _aP150 | ||
| 526 | _aP149 | ||
| 526 | _aP146 | ||
| 526 | _aP145 | ||
| 526 | _aP126 | ||
| 526 | _aP125 | ||
| 526 | _aP92 | ||
| 526 | _aP75 | ||
| 526 | _aP74 | ||
| 526 | _aP27 | ||
| 526 | _aP15 | ||
| 541 | _g001-003270; | ||
| 650 | 7 |
_aAlmacenes de datos _2embne |
|
| 700 | 1 |
_aConesa Caralt, Jordi, _ecoordinador |
|
| 910 |
_ajck _bebj _cebj _d20160926 |
||
| 942 |
_2ddc _cBOOK |
||
| 949 |
_a005.74 C97 _wDEWEY _c1 _i74649 _d2016-9-28 _e2016-9-28 _lCCODEBUL1 _mBUL _n1 _p26.82 _r0 _sY _tBOOK _u2016-9-26 _xINGENIERIA _PP27 _0COMPRA _o.STAFF. Colección Ingeniería y Arquitectura |
||
| 949 |
_a005.74 C97 _wDEWEY _c2 _i74650 _d2016-9-28 _e2016-9-28 _lCCODEBUL1 _mBUL _n1 _p26.82 _r0 _sY _tBOOK _u2016-9-26 _xINGENIERIA _PP27 _0COMPRA _o.STAFF. Colección Ingeniería y Arquitectura |
||
| 949 |
_a005.74 C97 _wDEWEY _c3 _i74651 _d2016-9-28 _e2016-9-28 _lCCODEBUL1 _mBUL _n1 _p26.82 _r0 _sY _tBOOK _u2016-9-26 _xINGENIERIA _PP27 _0COMPRA _o.STAFF. Colección Ingeniería y Arquitectura |
||
| 994 |
_aC0 _bPEPRU |
||
| 596 | _a1 | ||
| 999 |
_a005.74 C97 _wDEWEY _c12638 _i74649 _d12638 _e2016-9-28 _f2021-11-9 _g7 _lCCODEBUL1 _mBUL _n1 _p26.82 _q1 _r0 _sY _tBOOK _u2016-9-26 _xINGENIERIA _PP27 _0COMPRA _o.STAFF. Colección Ingeniería y Arquitectura |
||
| 999 |
_a005.74 C97 _wDEWEY _c2 _i74650 _d2016-9-28 _e2016-9-28 _f2021-11-9 _g7 _lCCODEBUL1 _mBUL _n1 _p26.82 _q1 _r0 _sY _tBOOK _u2016-9-26 _xINGENIERIA _PP27 _0COMPRA _o.STAFF. Colección Ingeniería y Arquitectura |
||
| 999 |
_a005.74 C97 _wDEWEY _c3 _i74651 _d2018-4-10 _e2018-4-9 _f2021-11-9 _g7 _lCCODEBUL1 _mBUL _n2 _p26.82 _q1 _r0 _sY _tBOOK _u2016-9-26 _xINGENIERIA _PP27 _0COMPRA _o.STAFF. Colección Ingeniería y Arquitectura |
||
| 980 |
_81 _gALBERTO SANCHEZ Responsable de Automatización |
||